| 000 | 00449nam a2200193Ia 4500 | ||
|---|---|---|---|
| 008 | 170918s9999 xx 000 0 und d | ||
| 020 | _a9780545669146 | ||
| 050 | _bB889 2011 | ||
| 100 | _aBruel, Nick | ||
| 245 | 2 | _aA bad kitty Christmas / | |
| 245 | _cby Nick Bruel. | ||
| 260 | _aNew York : | ||
| 260 | _bScholastic, | ||
| 260 | _c2011 | ||
| 300 | _aunpaged : | ||
| 300 | _bcolored illustration ; | ||
| 300 | _c27 cm. | ||
| 500 | _a520 | ||
| 999 |
_c342700 _d342700 |
||